000 00843nam a2200193 i 4500
001 171911
003 ES-MaACL
005 20230906214750.0
008 090608s1906 sp f |||| | spa d
100 1 _aMélida y Alinari, José Ramón,
_d1856-1933
_979969
245 1 4 _aLas esculturas del Cerro de los Santos
_b: cuestión de autenticidad /
_cpor José Ramón Mélida.
260 _aMadrid :
_b[s.n.],
_c1906 (
_fTip. de la Revista de archivos, bibliotecas y museos)
300 _a112 p., 10 lám. ;
_c25 cm.
595 _aTirada aparte de: Revista de archivos, bibliotecas y museos.
650 1 4 _aEscultura ibérica-
_zCerro de los Santos (Albacete, Yacimiento)
_9140538
650 4 _aEscultura-
_xFalsificaciones-
_zEspaña.
_9140539
852 _aES-MaACL
_jT-1072-F-3
_z.- Dedicatoria autógrafa del autor
999 _c171911
_d171911